[Event "Elit(Kungstornet-Malmo)"]
[Site "?"]
[Date "2018.03.16"]
[Round "7"]
[White "Semcesen, Daniel"]
[Black "Backlund, Anders"]
[Result "1/2-1/2"]
[WhiteElo "2481"]
[BlackElo "2304"]
[PlyCount "91"]
[EventDate "2018.??.??"]
1. d4 Nf6 2. c4 g6 3. Nc3 d5 4. Qb3 dxc4 5. Qxc4 Bg7 6. e4 O-O 7. Be2 Nfd7 8.
Nf3 Nb6 9. Qc5 Bg4 10. Be3 N8d7 11. Qa3 c6 12. O-O-O e6 13. h3 Bxf3 14. gxf3
Qh4 15. Kb1 Rfc8 16. f4 Bf8 17. Qb3 c5 18. d5 exd5 19. Nxd5 Nxd5 20. Qxd5 Nf6
21. Qc4 b5 22. Qc2 a6 23. e5 Nh5 24. f5 Ng7 25. fxg6 hxg6 26. Rdg1 Re8 27. f4
Kh8 28. Bg4 Rad8 29. Rf1 c4 30. Rd1 Rxd1+ 31. Qxd1 Rd8 32. Qf3 Rd3 33. Qe4 Qg3
34. Bc1 Rd8 35. Re1 Bb4 36. Rd1 Rxd1 37. Bxd1 Qxh3 38. a3 Bc5 39. Ka2 Qe6 40.
Qa8+ Kh7 41. Qh1+ Kg8 42. Qa8+ Kh7 43. Qh1+ Kg8 44. Qa8+ Kh7 45. Qh1+ Kg8 46.
Qa8+ 1/2-1/2

[Event "Elit(Team Viking-Limhamn)"]
[Site "?"]
[Date "2018.03.16"]
[Round "7"]
[White "Hansen, Mads"]
[Black "Ivanov, Sergey"]
[Result "0-1"]
[WhiteElo "2396"]
[BlackElo "2540"]
[PlyCount "92"]
[SourceDate "2018.03.22"]
1. e4 e6 2. d4 d5 3. Nc3 Bb4 4. e5 c5 5. a3 Bxc3+ 6. bxc3 Ne7 7. Qg4 cxd4 8.
cxd4 Qc7 9. Bd2 Qxc2 10. Ne2 Nbc6 11. Qxg7 Rg8 12. Qf6 Bd7 13. h4 Nxd4 14. Nxd4
Qb2 15. Rc1 Qxd4 16. Bg5 Ng6 17. Be2 Qxe5 18. Qxe5 Nxe5 19. Rc7 Bc6 20. Rh3 h6
21. Bxh6 Kd8 22. Bf4 Kxc7 23. Bxe5+ Kd7 24. g4 a6 25. h5 Ke7 26. f4 f6 27. Bd4
Bb5 28. Bd1 Rac8 29. h6 Rc4 30. Be3 Rc3 31. a4 Be8 32. g5 fxg5 33. fxg5 d4 34.
h7 Rh8 35. Bxd4 Rxh3 36. Bxh8 Rxh7 37. Bf6+ Kd6 38. Bc2 Rh2 39. Kd1 Rg2 40. a5
e5 41. Be4 Rb2 42. g6 Rb4 43. Bc2 Rg4 44. g7 Bf7 45. Kd2 Ke6 46. Bd8 Rd4+ 0-1

[Event "Elit(Eksjo-Farsta)"]
[Site "?"]
[Date "2018.03.16"]
[Round "7"]
[White "Livner, Anders"]
[Black "Schussler, Harry"]
[Result "1/2-1/2"]
[WhiteElo "2358"]
[BlackElo "2419"]
[PlyCount "39"]
1. c4 b6 2. Nc3 e6 3. e4 c5 4. Nge2 Bb7 5. d4 cxd4 6. Nxd4 d6 7. Be2 Nf6 8. f3
Be7 9. O-O O-O 10. Be3 Nc6 11. Nxc6 Bxc6 12. Qb3 Nd7 13. Rfd1 Qb8 14. Rd2 a6
15. Rad1 Rc8 16. Bf4 Ne5 17. Be3 Nd7 18. Bf4 Ne5 19. Be3 Nd7 20. Bf4 1/2-1/2

[Event "Elit(Kungstornet-Malmo)"]
[Site "?"]
[Date "2018.03.16"]
[Round "7"]
[White "Glimbrant, Torbjorn"]
[Black "Agrest, Inna"]
[Result "0-1"]
[WhiteElo "2274"]
[BlackElo "2280"]
[PlyCount "58"]
1. d4 Nf6 2. Nf3 g6 3. c4 Bg7 4. Nc3 O-O 5. e3 d6 6. Be2 c6 7. O-O a6 8. a4 a5
9. e4 e5 10. d5 Na6 11. Re1 Ne8 12. g3 f5 13. Nh4 f4 14. Ng2 g5 15. Bg4 Nf6 16.
Bxc8 Rxc8 17. g4 Nc5 18. f3 h5 19. h3 Qb6 20. Kh2 Kf7 21. gxh5 Rh8 22. h4 Rxh5
23. Rb1 Nb3 24. Rf1 Rch8 25. Qe2 Nd4 26. Qf2 g4 27. Bxf4 exf4 28. Nxf4 Rxh4+
29. Kg3 gxf3 0-1

[Event "Elit(Team Viking-Limhamn)"]
[Site "?"]
[Date "2018.03.16"]
[Round "7"]
[White "Westerberg, Jonathan"]
[Black "Schneider, Stefan"]
[Result "1-0"]
[WhiteElo "2507"]
[BlackElo "2401"]
[PlyCount "93"]
1. e4 e6 2. d4 d5 3. Bd3 c5 4. exd5 exd5 5. Nf3 c4 6. Be2 Bd6 7. O-O Nf6 8. Bg5
O-O 9. b3 cxb3 10. axb3 Be6 11. c4 Be7 12. Nc3 Nc6 13. Ne5 h6 14. Bh4 Nb4 15.
Bf3 Re8 16. c5 b6 17. Na4 Bf5 18. Rc1 bxc5 19. Nxc5 Rc8 20. Qd2 a5 21. Qf4 Bh7
22. Bg4 Ra8 23. Nxf7 Kxf7 24. Be6+ Kf8 25. Nd7+ Qxd7 26. Bxd7 g5 27. Bxg5 hxg5
28. Qxg5 Nxd7 29. Qh6+ Kg8 30. Qe6+ Kh8 31. Qxd7 Rad8 32. Qa7 Bd6 33. Rce1 Rg8
34. Re3 Nc6 35. Qb6 Ne7 36. Rfe1 Nf5 37. Rh3 Rd7 38. Qc6 Rdd8 39. Kh1 Rgf8 40.
Qxd5 Bb4 41. Qe5+ Ng7 42. Qg5 Kg8 43. Qh6 Bf5 44. Rg3 Rd7 45. Re5 Rc7 46. h4
Bc3 47. Rc5 1-0

[Event "Elit(Eksjo-Farsta)"]
[Site "?"]
[Date "2018.03.16"]
[Round "7"]
[White "Vernersson, Per"]
[Black "Lundin, Jan"]
[Result "0-1"]
[WhiteElo "2281"]
[BlackElo "2282"]
[PlyCount "72"]
1. d4 d5 2. c4 dxc4 3. Nf3 Nf6 4. e3 e6 5. Bxc4 c5 6. O-O a6 7. a4 Nc6 8. Qe2
Qc7 9. Nc3 Bd6 10. Rd1 O-O 11. h3 b6 12. d5 exd5 13. Bxd5 Bb7 14. e4 Rfe8 15.
Bg5 Nd4 16. Qd3 Nxd5 17. Nxd5 Bxd5 18. exd5 Nxf3+ 19. Qxf3 Be5 20. Rd2 Bd4 21.
Bf4 Qd7 22. d6 Rac8 23. Qd5 h6 24. h4 Rcd8 25. Bg3 Re6 26. Kh2 Rde8 27. Ra3 Re1
28. Rb3 Ra1 29. Rxd4 cxd4 30. Qxd4 Ree1 31. Be5 Rxa4 32. Qd5 Rxh4+ 33. Rh3
Rxh3+ 34. gxh3 Qb5 35. Qa8+ Kh7 36. Bd4 Qg5 0-1

[Event "Elit(Kungstornet-Malmo)"]
[Site "?"]
[Date "2018.03.16"]
[Round "7"]
[White "Carlsson, Pontus"]
[Black "Andersson, Fredrik"]
[Result "1/2-1/2"]
[WhiteElo "2450"]
[BlackElo "2277"]
[PlyCount "98"]
1. e4 c5 2. Nf3 e6 3. d4 cxd4 4. Nxd4 Nc6 5. Nc3 Qc7 6. Be2 a6 7. O-O Nf6 8.
Kh1 Be7 9. f4 d6 10. Be3 O-O 11. Qe1 Bd7 12. Qg3 Rfe8 13. e5 Nd5 14. Nf5 g6 15.
exd6 Bxd6 16. Nxd6 Qxd6 17. Ne4 Qb4 18. c4 Qxb2 19. cxd5 exd5 20. Rab1 Qxe2 21.
Nf6+ Kg7 22. Nxd5 Bf5 23. Rbe1 Qxa2 24. Nc7 Red8 25. Nxa8 Rxa8 26. Bb6 Qb2 27.
Qe3 a5 28. Rf2 Qb4 29. Bc5 Qc4 30. Ba3 Rd8 31. Bb2+ f6 32. h3 Qd5 33. Qc3 Rd6
34. Ba3 Rd8 35. Be7 Qd4 36. Qg3 Rd7 37. Ba3 Nb4 38. Bb2 Qb6 39. Rfe2 Qd6 40.
Ba3 Qc7 41. Re8 b5 42. Qb3 Qc4 43. R1e7+ Rxe7 44. Rxe7+ Kf8 45. Qe3 Nd5 46.
Re8+ Kf7 47. Re7+ Kf8 48. Re8+ Kf7 49. Re7+ Kf8 1/2-1/2

[Event "Elit(Team Viking-Limhamn)"]
[Site "?"]
[Date "2018.03.16"]
[Round "7"]
[White "Haubro, Martin"]
[Black "Lindberg, Bo"]
[Result "1-0"]
[WhiteElo "2306"]
[BlackElo "2381"]
[PlyCount "87"]
1. e4 Nc6 2. Nf3 d6 3. d4 Nf6 4. Nc3 g6 5. Be2 Bg7 6. h3 O-O 7. Be3 a6 8. d5
Nb8 9. a4 c6 10. a5 Nbd7 11. O-O cxd5 12. exd5 b5 13. Nd4 Bb7 14. Nc6 Qe8 15.
Nb4 Rc8 16. Qd2 Rxc3 17. Qxc3 Nxd5 18. Qa3 Nxe3 19. fxe3 Qa8 20. Rf2 Nc5 21.
Bd3 Qa7 22. Re1 Bf6 23. Rfe2 Kg7 24. Qa2 e6 25. c4 bxc4 26. Qxc4 Rc8 27. Qa2
Nxd3 28. Nxd3 Bd5 29. Qa3 Qb8 30. Rf1 Be7 31. e4 Bc4 32. Qc3+ e5 33. Ref2 Bg5
34. Rf3 Bb5 35. Rxf7+ Kg8 36. Qa3 Be3+ 37. Kh1 Bd4 38. R7f3 Bc4 39. Rc1 d5 40.
Qe7 dxe4 41. Rxc4 Rxc4 42. Qe6+ Kh8 43. Rf7 Qd8 44. Re7 1-0

[Event "Elit(Eksjo-Farsta)"]
[Site "?"]
[Date "2018.03.16"]
[Round "7"]
[White "Ong, Kezli"]
[Black "Thornert, Hakan"]
[Result "1-0"]
[WhiteElo "2303"]
[BlackElo "2211"]
[PlyCount "119"]
1. e4 c5 2. Nf3 d6 3. Bb5+ Bd7 4. Bxd7+ Qxd7 5. c4 Nf6 6. Nc3 Nc6 7. d4 Qg4 8.
O-O Nxd4 9. Nxd4 Qxd1 10. Rxd1 cxd4 11. Rxd4 Rc8 12. Bg5 Nd7 13. b3 h6 14. Be3
g6 15. Rc1 Bg7 16. Rdd1 Bxc3 17. Rxc3 f6 18. f3 Rc7 19. Rd5 Kf7 20. Kf2 g5 21.
Ke2 Rhc8 22. a4 a6 23. a5 Rc6 24. Rc1 Ne5 25. Rh1 Ng6 26. g3 e6 27. Rd2 e5 28.
Rhd1 Ke6 29. b4 Rd8 30. Bb6 Rd7 31. Kd3 Ne7 32. Rh1 Rc8 33. h4 Nc6 34. Kc3 Ne7
35. hxg5 hxg5 36. Kb3 Rg8 37. g4 Nc8 38. Be3 Rgg7 39. Rh8 Ne7 40. Rdh2 Ng6 41.
R8h6 Kf7 42. Rd2 Nf8 43. Rd5 Rg6 44. Rh1 Rg8 45. Rhd1 Rh8 46. Rxd6 Rxd6 47.
Rxd6 Rh3 48. Kc2 Rxf3 49. Kd3 Rg3 50. Rb6 Ne6 51. Rxb7+ Kg6 52. c5 Rxg4 53. c6
f5 54. c7 Nxc7 55. Rxc7 Rxe4 56. Rc4 Rh4 57. Rxh4 gxh4 58. b5 h3 59. Bg1 e4+
60. Ke3 1-0

[Event "Elit(Kungstornet-Malmo)"]
[Site "?"]
[Date "2018.03.16"]
[Round "7"]
[White "Couso, Luis"]
[Black "Johansson, Thomas"]
[Result "0-1"]
[WhiteElo "2276"]
[BlackElo "2168"]
[PlyCount "79"]
1. c4 Nf6 2. g3 d6 3. Bg2 Nbd7 4. Nc3 e5 5. e4 c6 6. Nge2 a6 7. d3 Be7 8. O-O
b5 9. h3 h5 10. cxb5 axb5 11. d4 Qa5 12. Be3 b4 13. Nb1 c5 14. dxe5 dxe5 15.
Nd2 Qb5 16. b3 Bb7 17. Re1 O-O 18. Qc2 Rfe8 19. Nc4 Bf8 20. a4 Qa6 21. Nc1 Rac8
22. f3 Nb8 23. Nd3 Nfd7 24. f4 exf4 25. Nxf4 h4 26. gxh4 Nc6 27. Nd5 Nd4 28.
Qd1 Ne5 29. Nxe5 Rxe5 30. Bf4 Qe6 31. Re3 Bd6 32. Qd3 Re8 33. Rae1 Bb8 34. Kh1
Ba6 35. Qd1 Qg6 36. Nxb4 Be2 37. Qd2 Qh5 38. R3xe2 Nxe2 39. Qxe2 cxb4 40. Qxh5
0-1

[Event "Elit(Team Viking-Limhamn)"]
[Site "?"]
[Date "2018.03.16"]
[Round "7"]
[White "Pantzar, Milton"]
[Black "Penalver, Osmani"]
[Result "1-0"]
[WhiteElo "2268"]
[BlackElo "2251"]
[PlyCount "127"]
1. c4 e5 2. g3 Nf6 3. Bg2 d5 4. cxd5 Nxd5 5. Nc3 Nb6 6. Nf3 Nc6 7. O-O Be7 8.
Rb1 O-O 9. b4 a6 10. a4 Bf5 11. b5 axb5 12. axb5 Nd4 13. d3 f6 14. Nxd4 exd4
15. Ne4 Be6 16. Qc2 Ra2 17. Rb2 Ra7 18. Bf4 Nd5 19. Bxc7 Qc8 20. Bd6 Bxd6 21.
Qxc8 Rxc8 22. Nxd6 Rb8 23. Nf5 Bxf5 24. Bxd5+ Kf8 25. b6 Ra5 26. Bg2 Rc5 27.
Rb4 Rc2 28. Re1 Re8 29. Bxb7 Bxd3 30. Bf3 Ba6 31. b7 Rb8 32. Rb6 Ra2 33. Rc1
Bxb7 34. Rxb7 Rxb7 35. Bxb7 Rxe2 36. Rd1 Re7 37. Bd5 Rd7 38. Rxd4 f5 39. Rd1 g6
40. f4 Kg7 41. Kf2 Kf6 42. Bb3 Rb7 43. Rd6+ Kg7 44. Rd3 Kf6 45. Kf3 Kg7 46. h3
h5 47. Bd5 Rb1 48. h4 Rb5 49. Ke3 Rb4 50. Rc3 Ra4 51. Bc4 Kf6 52. Kd4 Ra1 53.
Rb3 Rd1+ 54. Kc5 Kg7 55. Bd5 Rd2 56. Kd6 Rd1 57. Rb7+ Kh6 58. Ke5 Re1+ 59. Kf6
Ra1 60. Bg8 Ra6+ 61. Ke5 Ra5+ 62. Kd4 Ra4+ 63. Kc5 g5 64. fxg5+ 1-0

[Event "Elit(Eksjo-Farsta)"]
[Site "?"]
[Date "2018.03.16"]
[Round "7"]
[White "Rothen, Hakan"]
[Black "Namini, Armin"]
[Result "1-0"]
[WhiteElo "2273"]
[BlackElo "2191"]
[PlyCount "85"]
1. d4 Nf6 2. c4 g6 3. f3 Bg7 4. e4 d6 5. Nc3 O-O 6. Nge2 c5 7. d5 e6 8. Ng3
exd5 9. cxd5 a6 10. a4 Nbd7 11. Be2 Rb8 12. O-O Ne8 13. Be3 Nc7 14. a5 b5 15.
axb6 Rxb6 16. Ra2 Nb5 17. Nxb5 axb5 18. b4 cxb4 19. Qb1 h5 20. Qxb4 h4 21. Nh1
h3 22. g3 Ne5 23. Nf2 Rb7 24. f4 Nc4 25. Bxc4 bxc4 26. Qxc4 Bd7 27. Qc2 Qb8 28.
Qd2 Rc8 29. Bd4 Rb1 30. Bxg7 Rxf1+ 31. Kxf1 Qb1+ 32. Ke2 Bb5+ 33. Kf3 Qb3+ 34.
Kg4 Bd7+ 35. Kg5 Qf3 36. g4 Kxg7 37. Qd4+ Kh7 38. Ra7 Be8 39. Qf6 Qxf2 40.
Qxg6+ Kh8 41. Qf6+ Kh7 42. Qh6+ Kg8 43. Kf6 1-0

[Event "Elit(Upsala-Stockholms SS)"]
[Site "?"]
[Date "2018.03.16"]
[Round "7"]
[White "Lokander, Martin"]
[Black "Johansson, Jan"]
[Result "1/2-1/2"]
[WhiteElo "2397"]
[BlackElo "2355"]
[PlyCount "58"]
[SourceDate "2018.03.21"]
1. d4 Nf6 2. c4 e6 3. Nc3 Bb4 4. f3 O-O 5. a3 Bxc3+ 6. bxc3 c5 7. e4 d5 8. cxd5
exd5 9. e5 Ne8 10. f4 Nc6 11. Nf3 Nc7 12. Be3 f6 13. Be2 fxe5 14. fxe5 cxd4 15.
cxd4 Bf5 16. O-O Ne6 17. Bd3 Bg4 18. Rb1 Rb8 19. h3 Bxf3 20. Rxf3 Qh4 21. Rxf8+
Rxf8 22. Rxb7 Qg3 23. Qd2 Rf3 24. Bxh7+ Kxh7 25. Qc2+ Kh8 26. Qxc6 Qe1+ 27. Kh2
Qg3+ 28. Kg1 Qe1+ 29. Kh2 Qg3+ 1/2-1/2

[Event "Elit(Rockaden,Sthlm-LASK)"]
[Site "?"]
[Date "2018.03.16"]
[Round "7"]
[White "Kulaots, Kaido"]
[Black "Neiksans, Arturs"]
[Result "1/2-1/2"]
[WhiteElo "2591"]
[BlackElo "2582"]
[PlyCount "120"]
1. c4 e5 2. Nc3 Nf6 3. Nf3 Nc6 4. e3 Bb4 5. Qc2 O-O 6. Nd5 Re8 7. Qf5 d6 8.
Nxf6+ Qxf6 9. Qxf6 gxf6 10. a3 Bc5 11. b4 Bb6 12. Bb2 Ne7 13. d4 c6 14. c5 dxc5
15. dxc5 Bc7 16. Nd2 f5 17. e4 Be6 18. f3 Red8 19. Nc4 Ng6 20. g3 a5 21. Rg1
axb4 22. axb4 Rxa1+ 23. Bxa1 Ra8 24. Bb2 fxe4 25. fxe4 Ra4 26. Bc3 Ra2 27. Nb2
b6 28. Rg2 bxc5 29. bxc5 Ba5 30. Bxa5 Rxa5 31. Rc2 Ra1+ 32. Ke2 Ra2 33. Rd2 Ra5
34. Nd3 Bc4 35. Rc2 Bb5 36. Kd2 Ra4 37. Ke3 Nf8 38. Rc3 Bxd3 39. Kxd3 Ne6 40.
Bh3 Nd4 41. Bg4 Ra2 42. h4 Kf8 43. Bh5 Ke7 44. Rc1 Ra3+ 45. Kc4 Ra4+ 46. Kd3 f5
47. exf5 Nxf5 48. Rb1 Ra3+ 49. Kc4 Ne3+ 50. Kb4 Rd3 51. Ka5 Nd5 52. Ka6 Rxg3
53. Kb7 Kd7 54. Bd1 e4 55. Bc2 Nc3 56. Re1 Rg2 57. Bxe4 Rb2+ 58. Ka6 Kc7 59.
Ka5 Rb5+ 60. Ka6 Rb2 1/2-1/2

[Event "Elit(Upsala-Stockholms SS)"]
[Site "?"]
[Date "2018.03.16"]
[Round "7"]
[White "Thorgeirsson, Sverrir"]
[Black "Hauge, Lars Oskar"]
[Result "0-1"]
[WhiteElo "2316"]
[BlackElo "2436"]
[PlyCount "114"]
1. d4 Nf6 2. c4 c5 3. d5 b5 4. cxb5 a6 5. bxa6 g6 6. Nc3 Bg7 7. Nf3 O-O 8. e4
Qa5 9. Nd2 Bxa6 10. Bxa6 Qxa6 11. Qe2 e6 12. Nc4 exd5 13. Nxd5 Nxd5 14. exd5 d6
15. O-O Nd7 16. Re1 Rfb8 17. Bf4 Rb4 18. Rac1 Bxb2 19. Rc2 Bf6 20. g3 Ra4 21.
a3 h5 22. Rb1 Bd4 23. Kg2 Ne5 24. Rb6 Qa7 25. Bxe5 dxe5 26. Rc6 Rd8 27. Qf3 Qe7
28. Nb6 Ra5 29. Nc8 Qf8 30. Nb6 c4 31. Nxc4 Raxd5 32. a4 Qe7 33. Nd2 Kg7 34.
Ne4 f5 35. Nf6 e4 36. Nxh5+ gxh5 37. Qxh5 Bf6 38. Rc7 R8d7 39. Rc8 Qf7 40. Qh8+
Kg6 41. R2c6 R5d6 42. Rg8+ Bg7 43. Rcc8 Qb3 44. Rcd8 Qf3+ 45. Kh3 Qh5+ 46.
Qxh5+ Kxh5 47. Rxd7 Rxd7 48. a5 Ra7 49. Kg2 Kg6 50. f3 Rxa5 51. fxe4 fxe4 52.
h4 Ra2+ 53. Kf1 e3 54. Re8 Rf2+ 55. Ke1 Bc3+ 56. Kd1 Rd2+ 57. Kc1 Bb2+ 0-1

[Event "Elit(Rockaden,Sthlm-LASK)"]
[Site "?"]
[Date "2018.03.16"]
[Round "7"]
[White "Hammer, Jon Ludvig"]
[Black "Smith, Axel"]
[Result "1/2-1/2"]
[WhiteElo "2621"]
[BlackElo "2495"]
[PlyCount "111"]
1. c4 e5 2. g3 Nf6 3. Bg2 c6 4. Nf3 e4 5. Nd4 Qb6 6. e3 d5 7. cxd5 Bc5 8. Nb3
cxd5 9. Nc3 Bb4 10. d3 Nc6 11. O-O Bxc3 12. bxc3 O-O 13. dxe4 dxe4 14. Qc2 Re8
15. c4 Ne5 16. c5 Qa6 17. Bb2 Bg4 18. Bxe5 Rxe5 19. Nd4 Rc8 20. Rfc1 Qa3 21.
Qb3 Qxb3 22. axb3 Rexc5 23. Rxc5 Rxc5 24. h3 Bc8 25. Rxa7 Kf8 26. Ra1 Ke7 27.
Kf1 Kd6 28. Ke2 Be6 29. Kd2 g6 30. Ra4 Bd5 31. b4 Rc8 32. Nb5+ Ke6 33. Nc3 Rd8
34. b5 Ke5 35. Rd4 Rd6 36. Kc2 b6 37. Ra4 g5 38. Ra7 Rd7 39. Ra6 Rd6 40. g4 h6
41. Ra4 Rd8 42. Bf1 Ra8 43. Ra6 Rb8 44. Nxd5 Nxd5 45. Kb3 f5 46. gxf5 Kxf5 47.
Bc4 Nf6 48. Ra7 Rd8 49. Kc3 h5 50. Rb7 Rd6 51. Be2 h4 52. Rg7 Rd8 53. Rb7 Rd6
54. Rg7 Nd5+ 55. Kb3 Nf6 56. Kc3 1/2-1/2

[Event "Elit(Upsala-Stockholms SS)"]
[Site "?"]
[Date "2018.03.16"]
[Round "7"]
[White "Arman, Deniz"]
[Black "Johansson, Thomas"]
[Result "0-1"]
[WhiteElo "2384"]
[BlackElo "2216"]
[PlyCount "86"]
1. e4 e6 2. d3 c5 3. Nf3 Nc6 4. g3 d6 5. Bg2 g6 6. d4 cxd4 7. Nxd4 e5 8. Ne2
Be7 9. c4 Be6 10. b3 h5 11. h3 Nf6 12. Nbc3 a6 13. Be3 Nb8 14. Qd2 Nbd7 15. O-O
Nf8 16. Rad1 Qc8 17. Na4 Qc6 18. Nb6 Rd8 19. Nc3 N8d7 20. Nbd5 Bxd5 21. Nxd5
Nxd5 22. cxd5 Qc7 23. Rc1 Qb8 24. Qa5 O-O 25. Qc7 Rfe8 26. Qxb8 Rxb8 27. Rc4
Bd8 28. Rfc1 Bb6 29. Bxb6 Nxb6 30. Rc7 Red8 31. Re7 Na8 32. Bf1 Kf8 33. Rcc7
Nxc7 34. Rxc7 Ke8 35. Rc4 Rdc8 36. Rb4 b5 37. a4 Rc5 38. f4 Kd8 39. fxe5 dxe5
40. d6 Kd7 41. Bc4 Kxd6 42. Kf2 Kc7 43. a5 bxc4 0-1

[Event "Elit(Rockaden,Sthlm-LASK)"]
[Site "?"]
[Date "2018.03.16"]
[Round "7"]
[White "Antonsen, Mikkel"]
[Black "Karlsson, Lars"]
[Result "0-1"]
[WhiteElo "2447"]
[BlackElo "2455"]
[PlyCount "76"]
1. d4 g6 2. c4 Bg7 3. e4 d6 4. Nc3 Nc6 5. Nge2 e5 6. d5 Nd4 7. Be3 Nxe2 8. Bxe2
f5 9. exf5 gxf5 10. f4 e4 11. Qd2 Nf6 12. O-O-O h5 13. h3 Qe7 14. Nb5 a6 15.
Nd4 Bd7 16. Kb1 Qf7 17. Rhg1 a5 18. g4 hxg4 19. hxg4 fxg4 20. f5 Qh5 21. Ne6
Bxe6 22. fxe6 Qg6 23. Rg2 Bh6 24. c5 Ke7 25. Qc3 Bxe3 26. cxd6+ cxd6 27. Qxe3
Rac8 28. a3 Rc5 29. Qb3 b5 30. Bxb5 Rb8 31. a4 Qf5 32. Qe3 Qf3 33. Re2 Qxe3 34.
Rxe3 Rg8 35. Bf1 Rg5 36. Rb3 Rgxd5 37. Rxd5 Nxd5 38. Rb7+ Kxe6 0-1

[Event "Elit(Upsala-Stockholms SS)"]
[Site "?"]
[Date "2018.03.16"]
[Round "7"]
[White "Burwick, Malte"]
[Black "Seo, Jung Min"]
[Result "1/2-1/2"]
[WhiteElo "2247"]
[BlackElo "2366"]
[PlyCount "145"]
1. Nf3 d5 2. g3 Bg4 3. Bg2 Nd7 4. d4 e6 5. O-O Be7 6. c4 c6 7. Nbd2 Bxf3 8.
Nxf3 Ngf6 9. Qd3 O-O 10. cxd5 exd5 11. Rb1 a5 12. Bf4 Ne4 13. Nd2 f5 14. Qb3
Qb6 15. Qxb6 Nxb6 16. h4 Nxd2 17. Bxd2 Nc4 18. Bf4 Rfe8 19. Bf3 g6 20. Rfd1 Kg7
21. b3 Na3 22. Be5+ Bf6 23. Bxf6+ Kxf6 24. Rb2 h6 25. e3 Nb5 26. Kg2 Nd6 27. a4
g5 28. Rh1 Rh8 29. Rc2 Ke7 30. Rc5 g4 31. Be2 Ne4 32. Rc2 h5 33. Rb1 Nd6 34.
Bd3 Kd7 35. Kf1 Rhe8 36. Rbc1 Red8 37. Ke1 Rf8 38. Kd1 Rfe8 39. Rb1 Rec8 40.
Kc1 Ra7 41. Kb2 Re8 42. Ka3 Rea8 43. Rbc1 Ke7 44. Ra1 Kd7 45. Rac1 Kc7 46. Re2
Kd7 47. Rf1 Ke6 48. Ra1 Kd7 49. Rc2 Ne4 50. Kb2 Kd6 51. Ka3 Kd7 52. Rac1 Kd6
53. Ra1 Rc8 54. Rac1 b6 55. Kb2 c5 56. Rd1 Rac7 57. Ba6 Rd8 58. Rdc1 Rdd7 59.
Bd3 Rf7 60. dxc5+ bxc5 61. Rd1 Ke5 62. Rdc1 Kd6 63. Rd1 Ke5 64. Rdc1 Ra7 65.
Re2 Rac7 66. Ka3 d4 67. exd4+ Kxd4 68. Bxe4 fxe4 69. Rd1+ Ke5 70. Rde1 Kd6 71.
Rd2+ Ke5 72. Rde2 Kd5 73. Rd2+ 1/2-1/2

[Event "Elit(Rockaden,Sthlm-LASK)"]
[Site "?"]
[Date "2018.03.16"]
[Round "7"]
[White "Blomqvist, Erik"]
[Black "Tikkanen, Hans"]
[Result "0-1"]
[WhiteElo "2502"]
[BlackElo "2517"]
[PlyCount "54"]
1. e4 e6 2. d4 d5 3. exd5 exd5 4. Nf3 c6 5. c4 Bb4+ 6. Nc3 Ne7 7. Qb3 Ba5 8.
Bd3 O-O 9. O-O dxc4 10. Bxc4 b5 11. Bd3 Be6 12. Qc2 h6 13. Bd2 Nd7 14. Rfe1 Nd5
15. Nxd5 Bxd5 16. Bxa5 Qxa5 17. Bh7+ Kh8 18. Be4 Rac8 19. Bxd5 cxd5 20. Qb3 Nf6
21. Re7 a6 22. h3 Kg8 23. a4 Rc4 24. Ne5 Rxa4 25. Rc1 Rxd4 26. Qg3 Qd2 27. Rf1
Re4 0-1

[Event "Elit(Upsala-Stockholms SS)"]
[Site "?"]
[Date "2018.03.16"]
[Round "7"]
[White "Ertan, Can"]
[Black "Sittenfeld, Johan"]
[Result "1-0"]
[WhiteElo "2363"]
[BlackElo "2154"]
[PlyCount "69"]
1. e4 e6 2. d4 d5 3. Bd3 dxe4 4. Bxe4 Nf6 5. Bf3 c5 6. Ne2 Nc6 7. Be3 Nxd4 8.
Nxd4 cxd4 9. Qxd4 Qxd4 10. Bxd4 Bd6 11. Nc3 a6 12. O-O-O Bf4+ 13. Kb1 O-O 14.
Rhe1 e5 15. Bxe5 Bxe5 16. Rxe5 Bg4 17. Bxb7 Bxd1 18. Bxa8 Bxc2+ 19. Kxc2 Rxa8
20. f3 Kf8 21. b4 Nd7 22. Ra5 Nb6 23. Kb3 Ke7 24. a4 Kd7 25. Rg5 g6 26. a5 Nc8
27. Rd5+ Kc6 28. Rc5+ Kd6 29. Ne4+ Ke7 30. Rc7+ Kf8 31. Kc4 Ne7 32. Nd6 Rb8 33.
Ra7 Nc6 34. Rxf7+ Kg8 35. Rb7 1-0

[Event "Elit(Upsala-Stockholms SS)"]
[Site "?"]
[Date "2018.03.16"]
[Round "7"]
[White "Johansson, Carl Fredrik"]
[Black "Cederstam Barsk, Carl"]
[Result "0-1"]
[WhiteElo "2209"]
[BlackElo "2318"]
[PlyCount "76"]
1. d4 d5 2. c4 e6 3. Nc3 Bb4 4. e3 Nf6 5. Nf3 O-O 6. Bd3 c6 7. O-O b6 8. Ne5
Bb7 9. Qf3 c5 10. Qh3 dxc4 11. Nxc4 Nc6 12. Rd1 Qe7 13. d5 Na5 14. d6 Qd8 15.
Ne5 Bxc3 16. bxc3 Be4 17. Be2 Ne8 18. f3 Nc6 19. Nxf7 Rxf7 20. fxe4 Qf6 21. Rf1
Qe5 22. Rxf7 Kxf7 23. Bb2 Nf6 24. Rf1 Kg8 25. Bc4 Nd8 26. Rf4 Qxd6 27. Qf3 Rc8
28. Ba6 Rc7 29. Qg3 b5 30. c4 e5 31. Rxf6 Qxf6 32. Bxe5 Qxa6 33. Bxc7 Ne6 34.
cxb5 Qxb5 35. Qe5 Qb1+ 36. Kf2 Qxa2+ 37. Kf3 Nxc7 38. Qxc5 Qf7+ 0-1

[Event "Elit(Rockaden,Sthlm-LASK)"]
[Site "?"]
[Date "2018.03.16"]
[Round "7"]
[White "Wiedenkeller, Michael"]
[Black "Dragicevic, Drazen"]
[Result "0-1"]
[WhiteElo "2470"]
[BlackElo "2339"]
[PlyCount "58"]
1. d4 Nf6 2. c4 g6 3. g3 Bg7 4. Bg2 d5 5. cxd5 Nxd5 6. e4 Nb6 7. Ne2 c5 8. d5
e6 9. O-O exd5 10. exd5 O-O 11. Nec3 Bf5 12. g4 Bd7 13. Bf4 Qh4 14. h3 f5 15.
Bg3 Qf6 16. f3 Na6 17. Na3 Nb4 18. f4 fxg4 19. hxg4 Qd4+ 20. Bf2 Qxd1 21. Raxd1
Rxf4 22. Bxc5 Rxg4 23. Nab5 N4xd5 24. Nxd5 Bxb5 25. Ne7+ Kh8 26. Rf2 Nd7 27.
Ba3 Ne5 28. Kh1 Rh4+ 29. Kg1 Nd3 0-1

[Event "Elit(Upsala-Stockholms SS)"]
[Site "?"]
[Date "2018.03.16"]
[Round "7"]
[White "Aperia, Jakob"]
[Black "Cederberg, Karl Olof"]
[Result "1-0"]
[WhiteElo "2120"]
[BlackElo "2141"]
[PlyCount "139"]
1. c4 e5 2. g3 Nc6 3. Bg2 f5 4. Nc3 Nf6 5. d3 Bb4 6. Bd2 O-O 7. a3 Bxc3 8. Bxc3
d5 9. cxd5 Nxd5 10. Nf3 Nxc3 11. bxc3 Be6 12. O-O Qe7 13. Rb1 Rab8 14. Qa4 Kh8
15. d4 Bd5 16. Nxe5 Bxg2 17. Kxg2 Nxe5 18. dxe5 Qxe5 19. Qxa7 b6 20. Qa4 Qxc3
21. Rfc1 Qe5 22. Qc6 Rf7 23. e3 Qa5 24. a4 Qa8 25. Rb4 g6 26. Rbc4 Qxc6+ 27.
Rxc6 Rb7 28. h4 Kg7 29. Kf3 Ra7 30. R1c4 Re7 31. Kf4 Rf7 32. h5 Kh6 33. hxg6
hxg6 34. Ke5 Kg7 35. Ke6 Kf8 36. Rf4 Kg7 37. g4 Ra8 38. gxf5 Re8+ 39. Kd5 gxf5
40. Re6 Ra8 41. Kc6 Ra5 42. Rb4 Rc5+ 43. Kb7 Rf6 44. Re7+ Rf7 45. Rxf7+ Kxf7
46. Rb5 Ke6 47. Rxc5 bxc5 48. a5 c4 49. a6 c3 50. a7 c2 51. a8=Q c1=Q 52. Qc8+
Ke5 53. Qe8+ Kd5 54. Qd7+ Ke4 55. Qe6+ Kf3 56. Qxf5+ Ke2 57. e4 Qc2 58. f4 c5
59. Qg4+ Ke3 60. Qg3+ Kd4 61. Qg1+ Kd3 62. e5 Qb2+ 63. Kc6 c4 64. Qf1+ Kd4 65.
e6 c3 66. Qd1+ Qd2 67. Qa4+ Kd3 68. Qb5+ Kd4 69. Qd5+ Ke3 70. e7 1-0

[Event "Elit(Rockaden,Sthlm-LASK)"]
[Site "?"]
[Date "2018.03.16"]
[Round "7"]
[White "Lundberg, David"]
[Black "Bator, Robert"]
[Result "0-1"]
[WhiteElo "2208"]
[BlackElo "2398"]
[PlyCount "64"]
1. e4 c5 2. Nf3 Nc6 3. d4 cxd4 4. Nxd4 e5 5. Nb5 d6 6. c4 Be7 7. Be2 a6 8. N5c3
Nd4 9. O-O Be6 10. Be3 Nxe2+ 11. Qxe2 Rc8 12. Nd5 Bxd5 13. cxd5 Nf6 14. f3 O-O
15. Nc3 Nd7 16. Qd2 h6 17. Rac1 Bg5 18. Bxg5 Qxg5 19. Qxg5 hxg5 20. Kf2 g6 21.
Ke3 f5 22. Rh1 Nf6 23. h4 gxh4 24. exf5 gxf5 25. Kd2 Rc4 26. Ne2 Rxc1 27. Nxc1
Kf7 28. Rxh4 Rg8 29. Rh2 Nxd5 30. Rh7+ Ke6 31. g4 fxg4 32. fxg4 b6 0-1

[Event "Elit(Upsala-Stockholms SS)"]
[Site "?"]
[Date "2018.03.16"]
[Round "7"]
[White "Svensson, Mans"]
[Black "Thorn, Eric"]
[Result "0-1"]
[WhiteElo "2156"]
[BlackElo "2316"]
[PlyCount "86"]
1. d4 Nf6 2. c4 e6 3. Nc3 Bb4 4. Nf3 c5 5. g3 Nc6 6. Bg2 Ne4 7. Qd3 cxd4 8.
Nxd4 Nxc3 9. bxc3 Be7 10. Nb5 O-O 11. O-O a6 12. Nd6 Ne5 13. Qd4 Bxd6 14. Qxd6
Nxc4 15. Qc5 d5 16. e4 b6 17. Qd4 Bb7 18. Rb1 Rc8 19. e5 Qc7 20. Bf4 Na3 21.
Rbc1 Nb5 22. Qe3 Nxc3 23. Rxc3 Qxc3 24. Qxb6 Qc7 25. Qb2 Bc6 26. Rc1 Qb7 27.
Qd4 Bb5 28. Re1 Rc4 29. Qd1 Rfc8 30. h4 Ba4 31. Qg4 Bc2 32. Bf1 Rb4 33. h5 Bf5
34. Qe2 Re4 35. Qd2 Qb4 36. Rc1 Rb8 37. Qd1 Rxf4 38. gxf4 Qxf4 39. Rc3 Qxe5 40.
Qc1 h6 41. Rc8+ Rxc8 42. Qxc8+ Kh7 43. Qxa6 Be4 0-1